The Sacraments : God's love and mercy actualized /

Saved in:
Bibliographic Details
Other Authors: Eigo, Francis A., Fittipaldi, Silvio.
Format: Book
Language:English
Published: Villanova, Pa. : Villanova University Press, c1979.
Series:Proceedings of the Theology Institute of Villanova University ; v. 11.
Subjects:
Tags: Add Tag
No Tags, Be the first to tag this record!
LEADER 00950cam a2200265Ia 4500
001 001313402-7
005 20020606090541.3
008 800425s1979 pau b 00100 eng
010 |a  79064167 //r83 
035 0 |a ocm05763131 
040 |a DLC  |c DLC  |d m.c.  |d BHA 
050 0 |a BX2200  |b .S225 
082 |a 234/.16 
245 0 4 |a The Sacraments :  |b God's love and mercy actualized /  |c Francis A. Eigo, editor, Silvio E. Fittipaldi, associate editor. 
260 0 |a Villanova, Pa. :  |b Villanova University Press,  |c c1979. 
300 |a xi, 185 p. ;  |c 23 cm. 
490 1 |a Proceedings of the Theology Institute of Villanova University ;  |v v. 11 
504 |a Includes bibliographical references and index. 
650 0 |a Sacraments  |x Catholic Church. 
650 0 |a Sacraments. 
700 1 |a Eigo, Francis A. 
700 1 |a Fittipaldi, Silvio. 
830 0 |a Proceedings of the Theology Institute of Villanova University ;  |v v. 11. 
988 |a 20020608 
906 |0 DLC